| 000 | 00671nam a2200229 i 4500 | ||
|---|---|---|---|
| 001 | 29941 | ||
| 003 | ES-MaACL | ||
| 005 | 20231224062917.0 | ||
| 007 | t| | ||
| 008 | 030123s1953 sp |||| | spa d | ||
| 100 | 1 |
_aBaroja, Pío, _d1872-1956 _925752 |
|
| 245 | 1 | 0 |
_aYan-Si-Pao o La esvástica de oro / _cPío Baroja. |
| 260 |
_aMadrid : _bAfrodisio Aguado, _c[1953] ( _fSáez) |
||
| 300 |
_a221 p. ; _c13 cm. |
||
| 490 | 1 |
_aMás allá ; _v109 |
|
| 505 | 8 | _aContiene: El tesoro del holandés | |
| 740 | 3 | 2 | _aEl tesoro del holandés. |
| 740 | 3 | 2 | _aLa svástica de oro. |
| 830 | 0 |
_aMás allá ; _v109 _9181282 |
|
| 852 |
_aES-MaACL _jC-8087 |
||
| 999 |
_c29941 _d29941 |
||